书目信息 |
| 题名: |
大师镜头
|
|
| 作者: | 肯沃斯 著 ;魏俊彦 译 | |
| 分册: | 第一卷 低成本拍大片的100个高级技巧 | |
| 出版信息: | 北京 电子工业出版社 2020.11 |
|
| 页数: | xiv, 226页 | |
| 开本: | 19x28cm | |
| 丛书名: | ||
| 单 册: | ||
| 中图分类: | J93 , J931 | |
| 科图分类: | ||
| 主题词: | 电影摄影技巧 | |
| 电子资源: | ||
| ISBN: | 978-7-121-18872-5 | |
| 000 | 01436nam 2200349 45 | |
| 001 | 012001001194 | |
| 005 | 20211020100003.86 | |
| 010 | @a978-7-121-18872-5@dCNY89.00 | |
| 092 | @aCN@b社科20130203-1406 | |
| 099 | @aCAL 012013061661 | |
| 100 | @a20130516d2013 em y0chiy0110 ea | |
| 101 | 1 | @achi@ceng |
| 102 | @aCN@b110000 | |
| 105 | @aac z 000yy | |
| 106 | @ar | |
| 200 | 1 | @a大师镜头@Ada shi jing tou@h第一卷@i低成本拍大片的100个高级技巧@d= Master shots@hvol 1@i100 advanced camera techniques to get and expensive look on your low-budget movie@f(澳) Christopher Kenworthy著@g魏俊彦译@zeng |
| 210 | @a北京@c电子工业出版社@d2020.11 | |
| 215 | @axiv, 226页@c图, 肖像@d19x28cm | |
| 300 | @a其他题名:低成本拍大片的100个高级技巧 | |
| 305 | @a据2012年英文版第2版译出 | |
| 306 | @a本书简体中文专有翻译出版权由Big Apple Agency代理Michael Wiese Productions授权电子工业出版社 | |
| 314 | @a责任者Kenworthy规范汉译姓: 肯沃斯 | |
| 330 | @a本书提供给读者100个有趣的电影拍摄技巧,用较低的成本去实现高质量的镜头。 | |
| 500 | 10 | @aMaster shots@i100 advanced camera techniques to get and expensive look on your low-budget movie@mChinese |
| 517 | 1 | @a低成本拍大片的100个高级技巧 |
| 606 | 0 | @a电影摄影技巧 |
| 690 | @aJ93@v5 | |
| 690 | @aJ931@v5 | |
| 701 | 1 | @a肯沃斯@Aken wo si@g(Kenworthy, Christopher)@4著 |
| 702 | 0 | @a魏俊彦@Awei juan yan@4译 |
| 801 | @aCN@b江苏凤凰@c20211018 | |
| 905 | @b1342554-7@dJ93@e395:1@f4 | |
| 大师镜头.第一卷.低成本拍大片的100个高级技巧= Master shots.vol 1.100 advanced camera techniques to get and expensive look on your low-budget movie/(澳) Christopher Kenworthy著/魏俊彦译.-北京:电子工业出版社,2020.11 |
| xiv, 226页:图, 肖像;19x28cm |
| 其他题名:低成本拍大片的100个高级技巧 |
| ISBN 978-7-121-18872-5:CNY89.00 |
| 本书提供给读者100个有趣的电影拍摄技巧,用较低的成本去实现高质量的镜头。 |
| ● |
| 相关链接 |
|
|
|
|
正题名:大师镜头
索取号:J93/395:1
 
预约/预借
| 序号 | 登录号 | 条形码 | 馆藏地/架位号 | 状态 | 备注 |
| 1 | 1342554 | 213425541 | 第一样本阅览室/ [索取号:J93/395:1] | 在馆 | |
| 2 | 1342555 | 213425550 | 第一借阅区/ [索取号:J93/395:1] | 在馆 | |
| 3 | 1342556 | 213425569 | 第一借阅区/ [索取号:J93/395:1] | 在馆 | |
| 4 | 1342557 | 213425578 | 第一借阅区/ [索取号:J93/395:1] | 在馆 |